Stati per produzione di Oro - Statistics

Statistiche generali
  • Questo quiz è stato fatto 15 volte
  • Il punteggio medio è 11 su 15
Statistiche sulle risposte
Produzione di oro (tonnellate/anno) Continente Nazione % Corretto
320 Oceania Australia
100%
220 America del Nord Canada
100%
120 America del Nord Messico
100%
320 Asia / Europa Russia
100%
170 America del Nord Stati Uniti
100%
60 America del Sud Brasile
92%
330 Asia Cina
92%
100 America del Sud Perù
92%
110 Africa Sudafrica
92%
60 America del Sud Colombia
83%
120 Asia / Europa Kazakistan
67%
70 Asia Indonesia
42%
100 Asia Uzbekistan
17%
70 Africa Burkina Faso
8%
90 Africa Ghana
8%
Nessun quiz corrispondente trovato
Distribuzione punteggi
Percentuale di utenti per punteggio
Percentile per numero di risposta
I tuoi punteggi nel tempo
Non hai fatto questo quiz